• 首页
  • 本馆介绍
  • 公告通知
  • 最新文献
  • 馆藏检索
  • 电子资源
  • 读者导购
  • 参考咨询
  • 我的图书馆
  • 登录
  • 详细信息显示
  • 放入我的书架
  • 预约/预借图书
  • 作者相关作品
  • 分类相关作品
  • 丛书相关作品
  • 出版社相关作品

书目信息

  • 表格格式
  • 工作单格式
  • 卡片格式
书名: 基础机械学
作者: 让·布瓦斯勒德·拜卢瓦,米歇尔·德拉努瓦著.
分册号:
分册名:
出版地:
 
出版社: 由拜勒
出版时间: 1982.
页数: 178 p. ;
开本: 20cm.
丛书名:
中图分类号:
科图分类号:
其他分类号: O3:H31
主题词:
电子资源:
000 00474nam 2200169 a 4500
001 E0752717550
005 20070721144436.06
008 070721s1982 00010 eng
040    @aPFT@bchi
041    @achi@hfre
090    @aO3:H31
099    @dO3:H31@ex31:1
245 1  @a基础机械学 :@b练习册.@n1 / @c让·布瓦斯勒德·拜卢瓦,米歇尔·德拉努瓦著.
260    @b由拜勒,@c1982.
300    @a178 p. ;@c20cm.
650    @a机械学习题
700    @a让·布瓦斯勒德·拜卢瓦,米歇尔·德拉努瓦著
    
    基础机械学 : : 练习册.. 1 / / 让·布瓦斯勒德·拜卢瓦,米歇尔·德拉努瓦著.-由拜勒, , 1982.
    178 p. ; ; 20cm.
    
    
    ISBN
    
●
相关链接 在E读中查询图书 在五车中查询图书 在当当中查询图书 在豆瓣中查询图书


正题名:基础机械学     索取号:O3:H31/x31:1         预约/预借

序号 登录号 条形码 馆藏地/架位号 状态 备注
1 129523   000452673   第二样本阅览室/ [索取号:O3:H31/x31:1] 在馆    
唐山师范学院图书馆 欢迎您!
大连网信软件有限公司© 版权所有